[Event "2006 Standard Chess Dropout Tournament, Round 4"]
[Site "SchemingMind.com"]
[Date "2006.11.13"]
[Round "4"]
[White "Gordon"]
[Black "inexorable"]
[Result "1/2-1/2"]
[WhiteCountry "ENG"]
[BlackCountry "USA"]
[WhiteElo "2279"]
[WhiteRD "79"]
[BlackElo "2175"]
[BlackRD "85"]
[GameID "75803"]

1. e4 e6 2. d4 d5 3. Nc3 Bb4 4. e5 c5 5. a3 Bxc3+ 6. bxc3 Ne7 7. Qg4 O-O 8. Bd3 Nbc6 9. Bg5 Qa5 10. Ne2 Ng6
11. O-O Qa4 12. f4 c4 13. Bxg6 fxg6 14. Ra2 Bd7 15. h4 Rf5 16. h5 gxh5 17. Qxh5 h6 18. g4 Rf7 19. Bxh6 gxh6 20. f5 exf5
21. gxf5 Rg7+ 22. Kh2 Rf8 23. Rf4 Nd8 24. e6 Bxe6 25. fxe6 Qe8 26. Qxd5 Kh8 27. Qf3 Rxf4 28. Nxf4 Nxe6 29. Nxe6 Qxe6 30. Ra1 Rf7
31. Re1 Rxf3=
1/2-1/2

[Event "2006 Standard Chess Dropout Tournament, Round 4"]
[Site "SchemingMind.com"]
[Date "2006.11.13"]
[Round "4"]
[White "inexorable"]
[Black "rabbit"]
[Result "1-0"]
[WhiteCountry "USA"]
[BlackCountry "USA"]
[WhiteElo "2189"]
[WhiteRD "89"]
[BlackElo "1943"]
[BlackRD "74"]
[GameID "75804"]

1. e4 c6 2. d4 d5 3. e5 Bf5 4. Nf3 e6 5. Be2 c5 6. O-O Nc6 7. c3 f6 8. Re1 Qb6 9. Bd3 O-O-O 10. Bxf5 exf5
11. Qc2 g6 12. dxc5 Bxc5 13. b4 Be7 14. Be3 Qc7 15. Nd4 Nxd4 16. Bxd4 Bxb4 17. exf6 Bc5 18. Qa4 Bxd4 19. cxd4 Kb8 20. Na3
1-0

[Event "2006 Standard Chess Dropout Tournament, Round 4"]
[Site "SchemingMind.com"]
[Date "2006.11.13"]
[Round "4"]
[White "rabbit"]
[Black "Ilang"]
[Result "0-1"]
[WhiteCountry "USA"]
[BlackCountry "HUN"]
[WhiteElo "2011"]
[WhiteRD "97"]
[BlackElo "2218"]
[BlackRD "73"]
[GameID "75805"]

1. e4 e5 2. Nf3 Nc6 3. d4 exd4 4. Nxd4 Bc5 5. Be3 Qf6 6. c3 Nge7 7. Bc4 b6 8. O-O Bb7 9. b4 Nxd4 10. bxc5 Ne6
11. cxb6 axb6 12. Qc2 Qg6 13. Nd2 O-O 14. Rfe1 f5 15. Qd3 Bc6 16. f3 fxe4 17. fxe4 Nf5 18. Bxe6+ dxe6 19. Bd4 Nd6 20. Be5 Rad8
21. Qe3 Bb7 22. c4 Nf5 23. Qc3 Rd7 24. Nf3 Nd6 25. Bxd6 cxd6 26. Qe3 Rc7 27. Qxb6 Rcf7 28. Nd2 Rf2 29. Qxf2 Rxf2 30. Kxf2 Qf6+
31. Ke2 Qd4 32. Rac1 Bc6 33. Red1 g5 34. Re1 h5 35. h3 h4 36. Red1 Kg7 37. Kf1 Qd3+ 38. Kg1 Qe3+ 39. Kh1 g4 40. hxg4 h3
41. Rb1 Ba4 42. Nb3 Qxe4 43. Rb2 Bc6 44. Rbd2 hxg2+ 45. Kg1 Qe3+ 46. Kh2 Qh6+ 47. Kg3 Qh1 48. Rxh1 gxh1=Q 49. c5 Qg1+ 50. Kh3 Qe3+
51. Kh4 Kg6 52. cxd6 Qe1+ 53. Kh3 Kg5 54. Kh2 Qh1+ 55. Kg3 Qh4#
0-1

[Event "2006 Standard Chess Dropout Tournament, Round 5"]
[Site "SchemingMind.com"]
[Date "2007.03.16"]
[Round "5"]
[White "budi"]
[Black "hph46"]
[Result "1-0"]
[WhiteCountry "INA"]
[BlackCountry "GER"]
[WhiteElo "2012"]
[WhiteRD "104"]
[BlackElo "2110"]
[BlackRD "110"]
[GameID "96009"]

1. Nf3 d5 2. d4 Nf6 3. c4 e6 4. Nc3 Bb4 5. Qa4+ Nc6 6. Bg5 h6 7. Bxf6 Qxf6 8. e3 O-O 9. Be2 Bd7 10. Qb3 dxc4
11. Qxc4 Bd6 12. O-O Qg6 13. Rfd1 Ne7 14. Bd3 Qh5 15. e4 e5 16. dxe5 Bxe5 17. Nd5 Nxd5 18. Qxd5 Bg4 19. Qxe5 Bxf3 20. Qxh5 Bxh5
21. f3 Rad8 22. Kf2 f6 23. Rac1 c6 24. Rd2 Kf7 25. g4 Bg6 26. Ke3 Ke7 27. Rcd1 Rd6 28. Bc4 Rxd2 29. Rxd2 b5 30. Bb3 a5
31. a4 Rb8 32. Rc2 Be8 33. axb5 cxb5 34. Rc7+ Bd7 35. Bd5 Rc8 36. Ra7 a4 37. f4 g5 38. f5 Kd6 39. Rxd7+ Kxd7 40. Be6+ Kc7
41. Bxc8 Kxc8 42. Kd4 b4 43. Kc4 a3 44. bxa3 bxa3 45. Kb3 Kd7 46. Kxa3 Ke7 47. Kb4
1-0

[Event "2006 Standard Chess Dropout Tournament, Round 5"]
[Site "SchemingMind.com"]
[Date "2007.03.17"]
[Round "5"]
[White "C. H. O'D. Schlechter"]
[Black "pattSir"]
[Result "1/2-1/2"]
[WhiteCountry "USA"]
[BlackCountry "GER"]
[WhiteElo "2365"]
[WhiteRD "65"]
[BlackElo "2205"]
[BlackRD "105"]
[GameID "96010"]

1. e4 e5 2. Nf3 Nc6 3. Bb5 a6 4. Ba4 Nf6 5. Qe2 Bc5 6. d3 d6 7. c3 Bd7 8. O-O O-O 9. Bg5 Ne7 10. Bxd7 Nxd7
11. d4 Ba7 12. Nbd2 Qe8 13. Be3 h6 14. Rfe1 Ng6 15. Qc4 Qc8 16. a4 Re8 17. b4 Nf6 18. dxe5 dxe5 19. Bxa7 Rxa7 20. Rad1 Re6
21. Nf1 Ra8 22. Ne3 b5 23. axb5 axb5 24. Qxb5 Nxe4 25. Qc4 Nd6 26. Qb3 Nf4 27. Nd5 Nh3+ 28. gxh3=
1/2-1/2

[Event "2006 Standard Chess Dropout Tournament, Round 5"]
[Site "SchemingMind.com"]
[Date "2007.03.13"]
[Round "5"]
[White "Chess Tiger"]
[Black "latvija"]
[Result "1/2-1/2"]
[WhiteCountry "GER"]
[BlackCountry "USA"]
[WhiteElo "2304"]
[WhiteRD "66"]
[BlackElo "2076"]
[BlackRD "86"]
[GameID "96011"]

1. e4 c5 2. Nf3 e6 3. d4 cxd4 4. Nxd4 a6 5. Bd3 Bc5 6. Nb3 Be7 7. Be3 d6 8. N1d2 Nf6 9. f4 Nc6 10. Qf3 e5
11. O-O Ng4 12. Nc4 Nxe3 13. Nxe3 O-O 14. f5 Nb4 15. a3 Nxd3 16. cxd3 Bd7 17. Nd5 Bg5 18. f6 gxf6 19. Nxf6+ Kh8 20. Nxd7 Qxd7
21. d4 Rac8 22. Rad1 Qe7 23. g3 Rc2 24. dxe5 dxe5 25. Rf2 Qc7 26. h4 Rxf2 27. Qxf2 Rd8 28. Rxd8+ Bxd8 29. Qc5 Kg7=
1/2-1/2

[Event "2006 Standard Chess Dropout Tournament, Round 5"]
[Site "SchemingMind.com"]
[Date "2007.03.12"]
[Round "5"]
[White "fer_even"]
[Black "griffimv"]
[Result "1-0"]
[WhiteCountry "ARG"]
[BlackCountry "INT"]
[WhiteElo "2414"]
[WhiteRD "84"]
[BlackElo "2317"]
[BlackRD "79"]
[GameID "96013"]

1. e4 c5 2. Nf3 d6 3. d4 cxd4 4. Nxd4 Nf6 5. Nc3 a6 6. Be3 e5 7. Nb3 Be6 8. f3 Be7 9. Qd2 O-O 10. O-O-O Nbd7
11. g4 b5 12. g5 Nh5 13. Rg1 Nb6 14. Nd5 Bxd5 15. exd5 Rc8 16. Na5 Nxd5 17. Qxd5 Qxa5 18. Bd3 g6 19. Kb1 Nf4 20. Bxf4 exf4
21. h4 Rfe8 22. Rg4 Qa4 23. Qe4 Qxe4 24. Bxe4 Kg7 25. Rxf4 Rc4 26. b3 Rc7 27. c4 b4 28. Kc2 Rc5 29. Bd5 f5 30. Rfd4 Bd8
31. Bb7 Bc7 32. f4 Ra5 33. a4 bxa3 34. b4 Re2+ 35. Kd3 Rb2 36. bxa5 Rxb7 37. Ke3 Bb8 38. Ke2 Bc7 39. R4d3 Rb2+ 40. R1d2 Rb4
41. Rxa3 Rxc4 42. Rb2 Kf7 43. Rb7 Ke6 44. Ra7 Kd7 45. Rxa6 Re4+ 46. Kd2 Kc8 47. Rb3 Rxf4 48. Ra8+ Kd7 49. a6 Rxh4 50. Ra7 Rh2+
51. Ke1 Rh1+ 52. Kf2 Rh2+ 53. Kg3 Ra2 54. Rc3 f4+ 55. Kxf4 Ra4+ 56. Ke3
1-0

[Event "2006 Standard Chess Dropout Tournament, Round 5"]
[Site "SchemingMind.com"]
[Date "2007.03.15"]
[Round "5"]
[White "griffimv"]
[Black "pjl1015"]
[Result "1/2-1/2"]
[WhiteCountry "INT"]
[BlackCountry "USA"]
[WhiteElo "2350"]
[WhiteRD "80"]
[BlackElo "2328"]
[BlackRD "110"]
[GameID "96014"]

1. e4 e6 2. d4 d5 3. Nc3 Bb4 4. a3 Bxc3+ 5. bxc3 dxe4 6. Qg4 Nf6 7. Qxg7 Rg8 8. Qh6 Rg6 9. Qd2 b6 10. Bb2 Bb7
11. O-O-O Qe7 12. Nh3 Nbd7 13. Nf4 Rg8 14. Be2 O-O-O 15. Qe3 Kb8 16. f3 e5 17. dxe5 Qxe5 18. fxe4 Nxe4 19. c4 Qg5 20. h4 Qh6
21. g4 Rde8 22. Rh3 Ndc5 23. Nd5 Qd6 24. Nf6 Nxf6 25. Rxd6 Rxe3 26. Rxe3 Nxg4 27. Bxg4 cxd6 28. Bf5 h6 29. Re7 Ba6 30. Rxf7= Rg1+
31. Kd2 Rh1 32. Rf8+ Kb7 33. Bd4 Rxh4 34. Rf7+ Kc6 35. Kc3 h5 36. Rh7 Rf4 37. Rf7 Rf3+ 38. Kb4 Rg3 39. Bf2 Rg8 40. Kc3 Bc8
41. Bxc8 Rxc8 42. Bxc5 dxc5 43. Rh7 Rc7 44. Rh6+ Kb7 45. Rxh5 Re7=
1/2-1/2

[Event "2006 Standard Chess Dropout Tournament, Round 5"]
[Site "SchemingMind.com"]
[Date "2007.03.12"]
[Round "5"]
[White "hph46"]
[Black "Ryan"]
[Result "1-0"]
[WhiteCountry "GER"]
[BlackCountry "NED"]
[WhiteElo "2110"]
[WhiteRD "110"]
[BlackElo "2039"]
[BlackRD "91"]
[GameID "96015"]

1. e4 c5 2. Nf3 d6 3. d4 cxd4 4. Nxd4 Nf6 5. Nc3 a6 6. Be2 e5 7. Nb3 Be7 8. O-O O-O 9. Be3 Be6 10. f4 Qc7
11. Nd5 Bxd5 12. exd5 Nbd7 13. c4 exf4 14. Rxf4 Ne5 15. Nd4 Nfd7 16. Rf1 Bf6 17. Rc1 Rfe8 18. Qd2 b6 19. b4 Rac8 20. Nf5 a5
21. a3 Ng6 22. Bg4 Nge5 23. Bh5 Ra8 24. Bf4 axb4 25. axb4 Ra4 26. Bd1 Ra3 27. Be2 Rea8 28. Nd4 Qb8 29. Nb5 R3a4 30. Bd1 Ra2
31. Qe3 Rb2 32. Bb3 Nf8 33. Rcd1 Nfg6 34. Bg3 Ng4 35. Qf3 N6e5 36. Qc3 Re2 37. Rde1 Ng6 38. Qf3 Rxe1 39. Bxe1 N4e5 40. Qe2 Qd8
41. Bc3 Qd7 42. Bd4 Bd8 43. Bc2 Ra6 44. c5 bxc5 45. bxc5 dxc5 46. Bxe5 Nxe5 47. Qxe5 Qxb5 48. Qf5 Rf6 49. Qxh7+ Kf8 50. Qh8+ Ke7
51. Re1+
1-0

[Event "2006 Standard Chess Dropout Tournament, Round 5"]
[Site "SchemingMind.com"]
[Date "2007.03.17"]
[Round "5"]
[White "Ilang"]
[Black "Sebastian Strauchler"]
[Result "1-0"]
[WhiteCountry "HUN"]
[BlackCountry "ARG"]
[WhiteElo "2225"]
[WhiteRD "68"]
[BlackElo "2120"]
[BlackRD "89"]
[GameID "96016"]

1. e4 c5 2. c3 d5 3. exd5 Qxd5 4. Nf3 e5 5. Na3 Nc6 6. Bc4 Qe4+ 7. Be2 Be6 8. d3 Qg6 9. Ng5 O-O-O 10. Bh5 Qf6
11. O-O g6 12. Bf3 Bh6 13. Nxe6 Qxe6 14. Qa4 Bxc1 15. Raxc1 Nge7 16. Qb5 Kb8 17. Rfd1 Rc8= 18. Nc4 f6 19. Be4 Rc7 20. Re1 Nd8
21. f4 Nc8 22. fxe5 fxe5 23. Bf3 Nd6 24. Nxd6 Qxd6 25. Re3 Rf8 26. Rce1 Nf7 27. Qb3 Rd7 28. Bg4 Re7 29. Rf1 h5 30. Bh3 g5
31. g3 g4 32. Bg2 Rd7 33. Qc4 Qe7 34. a4 Rc8 35. Qe4 Qg5 36. a5 Qh6 37. Re2 h4 38. Qxg4 hxg3 39. Qxg3 Qh7 40. Re4 Rh8
41. a6 b6 42. Rf6
1-0

[Event "2006 Standard Chess Dropout Tournament, Round 5"]
[Site "SchemingMind.com"]
[Date "2007.03.17"]
[Round "5"]
[White "inexorable"]
[Black "Chess Tiger"]
[Result "1/2-1/2"]
[WhiteCountry "USA"]
[BlackCountry "GER"]
[WhiteElo "2196"]
[WhiteRD "98"]
[BlackElo "2312"]
[BlackRD "65"]
[GameID "96017"]

1. e4 c5 2. Nf3 Nc6 3. d4 cxd4 4. Nxd4 Nf6 5. Nc3 e5 6. Ndb5 d6 7. Bg5 a6 8. Na3 b5 9. Nd5 Be7 10. Bxf6 Bxf6
11. c3 Bg5 12. Nc2 O-O 13. a4 bxa4 14. Rxa4 a5 15. Bc4 Rb8 16. b3 Kh8 17. O-O f5 18. exf5 Bxf5 19. Nce3 Bg6 20. Bd3 Bxd3
21. Qxd3 Bxe3 22. fxe3 Rxf1+ 23. Qxf1 Rxb3 24. Rc4=
1/2-1/2

[Event "2006 Standard Chess Dropout Tournament, Round 5"]
[Site "SchemingMind.com"]
[Date "2007.03.17"]
[Round "5"]
[White "Sebastian Strauchler"]
[Black "inexorable"]
[Result "0-1"]
[WhiteCountry "ARG"]
[BlackCountry "USA"]
[WhiteElo "2117"]
[WhiteRD "94"]
[BlackElo "2214"]
[BlackRD "99"]
[GameID "96018"]

1. e4 e5 2. Nf3 Nc6 3. Bb5 a6 4. Ba4 Nf6 5. O-O b5 6. Bb3 Bb7 7. d3 Bc5 8. a4 b4 9. c3 d6 10. d4 exd4
11. cxd4 Ba7 12. Re1 O-O 13. a5 Re8 14. Qd3 Nxd4 15. Nxd4 Bxe4 16. Qd1 Bxd4 17. Ba4 c5 18. Bxe8 Qxe8 19. Nd2 Qe5 20. Nxe4 Nxe4
21. Qf3 d5 22. Re2 c4 23. Bf4 Qf6 24. Rd1 c3 25. b3 h6 26. Be3 Bxe3 27. Qxe3 Rc8 28. Qd3 Qc6
0-1

[Event "2006 Standard Chess Dropout Tournament, Round 5"]
[Site "SchemingMind.com"]
[Date "2007.03.16"]
[Round "5"]
[White "Katarrov"]
[Black "saxon"]
[Result "0-1"]
[WhiteCountry "ESP"]
[BlackCountry "GER"]
[WhiteElo "2175"]
[WhiteRD "92"]
[BlackElo "2349"]
[BlackRD "96"]
[GameID "96019"]

1. d4 Nf6 2. e3 g6 3. Nf3 Bg7 4. b3 c5 5. Bb2 O-O 6. Nbd2 cxd4 7. exd4 d5 8. Be2 Nc6 9. O-O Bf5 10. a3 Rc8
11. Rc1 Bh6 12. Nh4 Be6 13. Bd3 Qb6 14. Nhf3 Bg4 15. Re1 Bxf3 16. Nxf3 Bxc1 17. Qxc1 Rfe8 18. Qf4 a5 19. Rb1 a4 20. b4 Qc7
21. Qg5 Nd8 22. Qh6 Ne6 23. Ne5 Qd6 24. Re1 Rc7 25. c3 Rec8 26. Qd2 Nd7 27. Bb5 Nb6 28. Qe3 Ng7 29. Qe2 Rxc3 30. Bxc3 Rxc3
31. Qb2 Qc7 32. Nd3 Rb3 33. Qa1 Qc3 34. Qxc3 Rxc3 35. Rxe7 Nc4 36. Ne1 Nf5 37. Rxb7 Nxd4 38. Bxc4 dxc4 39. f3 Rxa3 40. Rd7 Nb5
41. Rb7 Nc3 42. Nc2 Ra2 43. Ne3 Ra1+ 44. Kf2 a3 45. Ra7 a2 46. Ra8+ Kg7 47. Nxc4 Rb1 48. Ke3 a1=Q 49. Rxa1 Rxa1
0-1

[Event "2006 Standard Chess Dropout Tournament, Round 5"]
[Site "SchemingMind.com"]
[Date "2007.03.13"]
[Round "5"]
[White "John Elburg"]
[Black "eHowitzer"]
[Result "1/2-1/2"]
[WhiteCountry "NED"]
[BlackCountry "CAN"]
[WhiteElo "2215"]
[WhiteRD "89"]
[BlackElo "2160"]
[BlackRD "117"]
[GameID "96020"]

1. e4 c5 2. Nf3 Nc6 3. d4 cxd4 4. Nxd4 Nf6 5. Nc3 e5 6. Ndb5 d6 7. Bg5 a6 8. Na3 b5 9. Bxf6 gxf6 10. Nd5 f5
11. c3 Bg7 12. exf5 Bxf5 13. Nc2 O-O 14. Nce3 Be6 15. Bd3 f5 16. Bc2 f4 17. Qh5 Rf7 18. Bxh7+ Kf8 19. Bf5 Qe8 20. Bxe6 Qxe6
21. Qg4 Qh6 22. Nf5 Qe6 23. Nfe3 Qh6 24. Nf5 Qe6=
1/2-1/2

[Event "2006 Standard Chess Dropout Tournament, Round 5"]
[Site "SchemingMind.com"]
[Date "2007.03.16"]
[Round "5"]
[White "latvija"]
[Black "budi"]
[Result "1-0"]
[WhiteCountry "USA"]
[BlackCountry "INA"]
[WhiteElo "2073"]
[WhiteRD "87"]
[BlackElo "2000"]
[BlackRD "103"]
[GameID "96021"]

1. e4 c6 2. d4 d5 3. exd5 cxd5 4. c4 Nf6 5. Nc3 e6 6. Nf3 Bb4 7. cxd5 Nxd5 8. Bd2 O-O 9. Bd3 Nc6 10. Rc1 Be7
11. a3 Nf6 12. Be3 b6 13. Qe2 Bb7 14. h3 Na5 15. O-O a6 16. Rfe1 b5 17. Nd2 Nc6 18. Nb3 b4 19. axb4 Nxb4 20. Bc4 Qd6
21. Nc5 Rfb8 22. Kh1 Bc6 23. Kg1 Rb6 24. N3a4 Rbb8 25. Nc3 Rb5 26. Nxb5 axb5 27. Bxb5 Qd5 28. Bxc6 Nxc6 29. Qc4 Nd8 30. Qxd5 Nxd5
31. Ne4 h6 32. Nc3 Nb4 33. Red1 Bf6 34. Ne4 Be7 35. Nc3 Bf6 36. f4 Ndc6 37. Ne4 Be7 38. Kf2 Ra2 39. Rd2 Kf8 40. d5 exd5
41. Nc3 Ra5 42. Nxd5 Nxd5 43. Rxc6 Bh4+ 44. Kf3 Nxe3 45. Re2 Ra8 46. Rxe3 Bf6 47. b4 Be7 48. Rb3 Rb8 49. b5 Ke8 50. b6 Kd8
51. Rd3+ Ke8 52. b7
1-0

[Event "2006 Standard Chess Dropout Tournament, Round 5"]
[Site "SchemingMind.com"]
[Date "2007.03.17"]
[Round "5"]
[White "pattSir"]
[Black "fer_even"]
[Result "0-1"]
[WhiteCountry "GER"]
[BlackCountry "ARG"]
[WhiteElo "2205"]
[WhiteRD "105"]
[BlackElo "2357"]
[BlackRD "82"]
[GameID "96022"]

1. e4 c5 2. d4 cxd4 3. c3 Nf6 4. Bd3 dxc3 5. Nxc3 Nc6 6. Nf3 d6 7. O-O g6 8. Nd5 Bg7 9. Bg5 O-O 10. Bxf6 Bxf6
11. Nxf6+ exf6 12. b3 Re8 13. h3 Qa5 14. Bc4 Be6 15. Bxe6 Rxe6 16. Qd5 Qb6 17. Rfe1 Rae8 18. a3 Ne5 19. Nd2 Rc8 20. Rac1 Rc5
21. Rxc5 dxc5 22. Rc1 Rd6 23. Nc4 Rxd5 24. Nxb6 Rd2 25. Nd5 Nd3 26. Rb1 Kg7 27. f3 b5
0-1

[Event "2006 Standard Chess Dropout Tournament, Round 5"]
[Site "SchemingMind.com"]
[Date "2007.03.17"]
[Round "5"]
[White "pjl1015"]
[Black "Katarrov"]
[Result "1-0"]
[WhiteCountry "USA"]
[BlackCountry "ESP"]
[WhiteElo "2340"]
[WhiteRD "117"]
[BlackElo "2144"]
[BlackRD "96"]
[GameID "96023"]

1. d4 d5 2. c4 c6 3. Nc3 Nf6 4. Nf3 e6 5. Bg5 h6 6. Bxf6 Qxf6 7. e3 Nd7 8. a3 g6 9. Bd3 Bg7 10. Qc2 O-O
11. O-O Qe7 12. Rfe1 dxc4 13. Bxc4 b6 14. Rad1 Bb7 15. e4 b5 16. Ba2 Rfd8 17. d5 Ne5 18. Nxe5 Bxe5 19. dxe6 fxe6 20. Qc1 Qg7
21. Bxe6+ Kh8 22. f4 Bd4+ 23. Kh1 Qe7 24. Ba2 Kh7 25. e5 c5 26. Bb1 a6 27. Rd3 b4 28. Rh3 bxc3 29. bxc3 Bf2 30. f5 Qf8
31. Qg5
1-0

[Event "2006 Standard Chess Dropout Tournament, Round 5"]
[Site "SchemingMind.com"]
[Date "2007.03.12"]
[Round "5"]
[White "Ryan"]
[Black "Ilang"]
[Result "1/2-1/2"]
[WhiteCountry "NED"]
[BlackCountry "HUN"]
[WhiteElo "2039"]
[WhiteRD "91"]
[BlackElo "2225"]
[BlackRD "68"]
[GameID "96024"]

1. e4 e5 2. Nf3 Nc6 3. Bb5 a6 4. Ba4 Nf6 5. O-O Be7 6. Re1 b5 7. Bb3 d6 8. c3 O-O 9. h3 Na5 10. Bc2 c5
11. d4 Qc7 12. Nbd2 cxd4 13. cxd4 Bd7 14. Nf1 Rac8 15. Ne3 Nc4 16. Nxc4 Qxc4 17. Bd3 Qc7 18. Be3 Qb8 19. Qd2 Be6 20. d5 Bd7
21. Qa5 Qb7 22. Rac1 Rxc1 23. Rxc1 Rc8 24. Rxc8+ Qxc8 25. Qd2 h6 26. Qe2 Bd8 27. Qc2 Qxc2 28. Bxc2 Nh5 29. b4 g5 30. Nd2 Kg7
31. Kf1 f5 32. Ke2 fxe4 33. Nxe4 Be7 34. Nc3 Nf4+ 35. Kf3 h5 36. a3 h4 37. Be4 Be8 38. Bb6 Bh5+ 39. Ke3 g4 40. hxg4 Bxg4
41. Kd2 Kf6 42. Be3 h3 43. gxh3 Bxh3 44. Ne2 Nh5 45. f3 Bd8 46. Kd3= Bf1 47. Kd2 Bg2 48. Ke1 Kf7 49. Kd2 Nf6 50. Nc3 Nxe4+
51. fxe4 Kg6 52. Ke2 Kh5 53. Ba7 Be7 54. Bb8 Kg4 55. Kf2 Bh3 56. Ne2 Kh4 57. Ng1 Bd7 58. Ne2 Kg4 59. Ke3 Bc8 60. Bc7 Kg5
61. Kf3 Bg4+ 62. Ke3 Kh4 63. Nc3 Bd7 64. Ne2 Kg5 65. Bb8 Bc8 66. Nc3 Kf6 67. Bc7 Kf7 68. Kf3 Bd7 69. Ne2 Kg6=
1/2-1/2

[Event "2006 Standard Chess Dropout Tournament, Round 5"]
[Site "SchemingMind.com"]
[Date "2007.03.17"]
[Round "5"]
[White "saxon"]
[Black "C. H. O'D. Schlechter"]
[Result "1/2-1/2"]
[WhiteCountry "GER"]
[BlackCountry "USA"]
[WhiteElo "2349"]
[WhiteRD "96"]
[BlackElo "2349"]
[BlackRD "63"]
[GameID "96025"]

1. d4 d5 2. c4 e6 3. Nc3 c5 4. cxd5 exd5 5. Nf3 Nc6 6. g3 Nf6 7. Bg2 Be7 8. O-O O-O 9. Bg5 c4 10. Ne5 Be6
11. b3 Rc8 12. bxc4 dxc4 13. Nxc6 bxc6 14. Rb1 c5 15. dxc5 Qxd1 16. Rfxd1 Bxc5 17. Bxf6 gxf6 18. Bd5 Bb6 19. Kg2 Rfd8 20. Kf3 Ba5
21. Bxe6 fxe6 22. Rxd8+ Bxd8 23. Rb7 Bb6 24. e3 f5 25. Re7 Rc6 26. Ke2 Ba5 27. Kd2 Ra6 28. a3 Rb6 29. Kc2 Rb3 30. Nd1 Rxa3
31. Nb2 Bb4 32. Rxe6 Rc3+ 33. Kb1 Ba3 34. Ka2 Bf8 35. Kb1=
1/2-1/2

[Event "2006 Standard Chess Dropout Tournament, Round 6"]
[Site "SchemingMind.com"]
[Date "2007.08.08"]
[Round "6"]
[White "saxon"]
[Black "fer_even"]
[Result "1/2-1/2"]
[WhiteCountry "GER"]
[BlackCountry "ARG"]
[WhiteElo "2379"]
[WhiteRD "101"]
[BlackElo "2422"]
[BlackRD "88"]
[GameID "115482"]

1. d4 d5 2. c4 dxc4 3. Nf3 Nf6 4. e3 e6 5. Bxc4 c5 6. O-O a6 7. b3 b5 8. Be2 Bb7 9. Bb2 Nbd7 10. Nbd2 Rc8
11. a4 b4 12. Nc4 Be7 13. Qc2 Be4 14. Bd3 Bxf3 15. gxf3 cxd4 16. Bxd4 O-O 17. f4 g6 18. Rfd1 Bc5 19. Bb2 Nd5 20. Rac1 Qh4
21. Qe2 Be7 22. Be4 Bf6 23. Bxd5 exd5 24. Rxd5 Bxb2 25. Qxb2 Nf6 26. Rd3 Qg4+ 27. Kf1 Qh3+ 28. Kg1 Qg4+ 29. Kf1=
1/2-1/2

[Event "2006 Standard Chess Dropout Tournament, Round 6"]
[Site "SchemingMind.com"]
[Date "2007.08.11"]
[Round "6"]
[White "fer_even"]
[Black "pjl1015"]
[Result "1-0"]
[WhiteCountry "ARG"]
[BlackCountry "USA"]
[WhiteElo "2435"]
[WhiteRD "94"]
[BlackElo "2325"]
[BlackRD "107"]
[GameID "115483"]

1. d4 d5 2. c4 e6 3. Nc3 c5 4. cxd5 exd5 5. Nf3 Nc6 6. g3 Nf6 7. Bg2 cxd4 8. Nxd4 Be7 9. O-O O-O 10. Bg5 Be6
11. Rc1 Qd7 12. Be3 Bh3 13. Qa4 Bxg2 14. Kxg2 Rfd8 15. h3 a6 16. Qc2 Rac8 17. Rfd1 b5 18. Qf5 Qb7 19. Nxc6 Rxc6 20. Qf3 Re6
21. Bd4 b4 22. Na4 Ne4 23. Nc5 Bxc5 24. Bxc5 a5 25. Bd4 f6 26. Qb3 Ree8 27. h4 Kh8 28. Rc2 Nd6 29. Rc5 Nc4 30. Qf3 Qe7
31. b3 Ne5 32. Qf5 Nf7 33. Be3 Nd6 34. Qf3 Ne4 35. Rcxd5 Rxd5 36. Rxd5 a4 37. bxa4 Nc3 38. Rd3 Qc7 39. a3 Nxa4 40. axb4 Nb2
41. Ra3 Qb8 42. Bh6 Rg8 43. b5 Nd1 44. Ra6 f5 45. b6 gxh6 46. b7 Ne3+ 47. Kh1 Ng4 48. Ra8
1-0

[Event "2006 Standard Chess Dropout Tournament, Round 6"]
[Site "SchemingMind.com"]
[Date "2007.08.11"]
[Round "6"]
[White "pjl1015"]
[Black "Ilang"]
[Result "1-0"]
[WhiteCountry "USA"]
[BlackCountry "HUN"]
[WhiteElo "2322"]
[WhiteRD "103"]
[BlackElo "2224"]
[BlackRD "76"]
[GameID "115484"]

1. e4 e5 2. d4 exd4 3. Nf3 Bb4+ 4. Bd2 Bc5 5. Bg5 f6 6. Bf4 Nc6 7. Bc4 Nge7 8. O-O Ng6 9. Bg3 d6 10. Nbd2 Qe7
11. a3 Nce5 12. Bd5 c6 13. Ba2 a5 14. b4 axb4 15. axb4 Bxb4 16. Bf7+ Kxf7 17. Rxa8 b5 18. Qa1 Bc3 19. Qa3 b4 20. Qa5 b3
21. Qa4 bxc2 22. Ra7 Bd7 23. Nxd4 Bxd4 24. Qxd4 Rb8 25. Qc3 Kg8 26. Qxc2 d5 27. Re1 Qd8 28. h4 Bg4 29. f4 Nd7 30. Qxc6 Ne7
31. Qc2 Rc8 32. Qa2 Bh5 33. Qa5 Qxa5 34. Rxa5 Bf7 35. Ra7 Rd8 36. e5 Nc6 37. Ra6 Ndb8 38. Rb6 Ne7 39. Bf2 fxe5 40. fxe5 Be8
41. Nb3 Nbc6 42. Bc5 Rc8 43. Rf1 Bg6 44. Rb7 Bd3 45. Rf2 Re8 46. Bxe7 Nxe7 47. Nd4 Bg6 48. g4 h5 49. Nf5 Bxf5 50. gxf5 Kf8
51. f6 gxf6 52. exf6
1-0

[Event "2006 Standard Chess Dropout Tournament, Round 6"]
[Site "SchemingMind.com"]
[Date "2007.08.11"]
[Round "6"]
[White "Ilang"]
[Black "C. H. O'D. Schlechter"]
[Result "1/2-1/2"]
[WhiteCountry "HUN"]
[BlackCountry "USA"]
[WhiteElo "2264"]
[WhiteRD "75"]
[BlackElo "2395"]
[BlackRD "70"]
[GameID "115485"]

1. e4 e5 2. Nf3 Nc6 3. Bb5 a6 4. Ba4 Nf6 5. O-O Be7 6. Re1 b5 7. Bb3 d6 8. c3 O-O 9. h3 Nb8 10. d3 Nbd7
11. Nbd2 Bb7 12. Bc2 Re8 13. Nf1 Bf8 14. N3h2 d5 15. Qf3 Qe7 16. Ne3 Qe6 17. Bb3 dxe4 18. dxe4 Qb6 19. Bc2= Qc6 20. Nf5 Nc5
21. Ng4 Nxg4 22. Qxg4 Qg6 23. Qh4 Ne6 24. Be3 h6 25. Red1 Rad8=
1/2-1/2

[Event "2006 Standard Chess Dropout Tournament, Round 6"]
[Site "SchemingMind.com"]
[Date "2007.08.11"]
[Round "6"]
[White "C. H. O'D. Schlechter"]
[Black "inexorable"]
[Result "1/2-1/2"]
[WhiteCountry "USA"]
[BlackCountry "USA"]
[WhiteElo "2392"]
[WhiteRD "68"]
[BlackElo "2240"]
[BlackRD "109"]
[GameID "115486"]

1. e4 e5 2. Nf3 Nf6 3. Nc3 Nc6 4. g3 Bc5 5. Bg2 d6 6. d3 a6 7. O-O O-O 8. Be3 Bxe3 9. fxe3 Ne7 10. Nh4 Bg4
11. Qd2 Qd7 12. d4 Rad8 13. Rf2 b5 14. Raf1 c5 15. Rxf6 gxf6 16. Nd5 Nxd5 17. exd5 Qa7 18. Qf2 cxd4=
1/2-1/2

[Event "2006 Standard Chess Dropout Tournament, Round 6"]
[Site "SchemingMind.com"]
[Date "2007.08.11"]
[Round "6"]
[White "inexorable"]
[Black "latvija"]
[Result "1-0"]
[WhiteCountry "USA"]
[BlackCountry "USA"]
[WhiteElo "2257"]
[WhiteRD "117"]
[BlackElo "2027"]
[BlackRD "88"]
[GameID "115487"]

1. e4 c5 2. Nf3 e6 3. d4 cxd4 4. Nxd4 Nc6 5. Nc3 a6 6. Nxc6 bxc6 7. Bd3 d5 8. O-O Nf6 9. Re1 e5 10. exd5 cxd5
11. Rxe5+ Be6 12. Bf5 Bd6 13. Re1 O-O 14. Bxe6 fxe6 15. Rxe6 Bc5 16. h3 Qd7 17. Re2 d4 18. Ne4 Nxe4 19. Rxe4 Qf7 20. Rf4 Qe7
21. Bd2 Rab8 22. b3 Qe6 23. Qf1 Rxf4 24. Bxf4 Re8 25. Bd2 Rf8 26. Re1 Qf5 27. Qc4+ Kh8 28. Rf1 Be7 29. Qd3 Qf6 30. f4 Ba3
31. Re1 Qb6 32. Re5 Ra8 33. Qe4 Rf8 34. Kh1 Qd8 35. Rd5 Qc8 36. Rxd4 Bc5 37. Rd5 Ba3 38. c4 Bb2 39. c5 Re8 40. Qc4 Bf6
41. c6
1-0